000 01321nam a2200361 i 4500
003 OSt
005 20201209084643.0
008 201208t20202020mnuao cr 001 0 eng d
020 _a9781628328011
_cRM77.90
_qpaperback
040 _aPPAK
_beng
_cPPAK
_erda
082 0 4 _223
_a629.892
090 0 0 _a629.892
_bWHI
_dK
100 1 _aWhiting, Jim,
_eauthor.
_d1943-
245 1 0 _aROBOTS /
_cJIM WHITING
250 _aFirst edition
264 1 _aMankato, Minnesota :
_bCreative Education and Creative Paperbacks,
_c[2020]
264 4 _c©2020
300 _a80 pages :
_bcolour photographs ;
_c23 cm
336 _2rdacontent
_atext
337 _2rdamedia
_aunmediated
338 _2rdacarrier
_avolume
490 1 _aODSSEYS IN TECHNOLOGY
504 _aIncludes bibliographical references and index
520 _a"An in-depth survey of robots, examining the past, present, and future of the technological developments, scientific principles, and innovators behind robotic technology." -- Booktopia.
650 _aRobots
_vJuvenile literature
650 2 0 _aRobots
_vHistory
_vJuvenile literature
650 2 0 _aRobotics
_vJuvenile literature
650 2 0 _aRobotics
655 7 _aYoung adult literature
655 7 _aInstructional and educational works
830 0 _aOdysseys in technology
942 _2ddc
_cB
999 _c180432
_d180432